Wong's nursing care of infants and children / (Record no. 698)

000 -LEADER
fixed length control field 01682nam a22003977a 4500
001 - CONTROL NUMBER
control field 13249427
003 - CONTROL NUMBER IDENTIFIER
control field OSt
005 - DATE AND TIME OF LATEST TRANSACTION
control field 20210421073015.0
008 - FIXED-LENGTH DATA ELEMENTS--GENERAL INFORMATION
fixed length control field 030623s2003 moua b 001 0 eng
010 ## - LIBRARY OF CONGRESS CONTROL NUMBER
LC control number 2003269289
020 ## - INTERNATIONAL STANDARD BOOK NUMBER
International Standard Book Number 0323017223
040 ## - CATALOGING SOURCE
Original cataloging agency eng
Transcribing agency DLC
Modifying agency eng
Language of cataloging eng
050 00 - LIBRARY OF CONGRESS CALL NUMBER
Classification number RJ245
Item number .W47 2003
080 ## - UNIVERSAL DECIMAL CLASSIFICATION NUMBER
Universal Decimal Classification number 616-053.3
Item number W-82
082 00 - DEWEY DECIMAL CLASSIFICATION NUMBER
Classification number 618.92/00231
Edition number 22
100 1# - MAIN ENTRY--PERSONAL NAME
Personal name Wong, Donna L.,
Dates associated with a name 1948-
245 10 - TITLE STATEMENT
Title Wong's nursing care of infants and children /
Statement of responsibility, etc. senior consultant, Donna L. Wong ; primary author, Marilyn J. Hockenberry ; section editors, David Wilson, Marilyn L. Winkelstein, Nancy E. Kline.
246 30 - VARYING FORM OF TITLE
Title proper/short title Nursing care of infants and children
250 ## - EDITION STATEMENT
Edition statement 7th edition
260 ## - PUBLICATION, DISTRIBUTION, ETC.
Place of publication, distribution, etc. St. Louis :
Name of publisher, distributor, etc. Mosby,
Date of publication, distribution, etc. c2003.
300 ## - PHYSICAL DESCRIPTION
Extent xxxviii, 1994 p. :
Other physical details ill. (chiefly col.) ;
Dimensions 29 cm. +
504 ## - BIBLIOGRAPHY, ETC. NOTE
Bibliography, etc. note Includes bibliographical references and index.
538 ## - SYSTEM DETAILS NOTE
System details note System requirements for accompanying computer disc: Windows: 486, Pentium, or faster processor, Windows 95, 98, NT, 2000, ME, XP, or higher; 64 MB RAM; 8x or faster CD-ROM drive, VGA monitor supporting thousands of colors (16 bit) or Macintosh.
650 #0 - SUBJECT ADDED ENTRY--TOPICAL TERM
Topical term or geographic name entry element Pediatric nursing.
650 #0 - SUBJECT ADDED ENTRY--TOPICAL TERM
Topical term or geographic name entry element Neonatology
9 (RLIN) 529
650 12 - SUBJECT ADDED ENTRY--TOPICAL TERM
Topical term or geographic name entry element Pediatric Nursing.
653 ## - INDEX TERM--UNCONTROLLED
Uncontrolled term ნეონატოლოგია
653 ## - INDEX TERM--UNCONTROLLED
Uncontrolled term ბავშვების მოვლა
700 1# - ADDED ENTRY--PERSONAL NAME
Personal name Hockenberry, Marilyn J.
700 1# - ADDED ENTRY--PERSONAL NAME
Personal name Wilson, David.
700 ## - ADDED ENTRY--PERSONAL NAME
Personal name Winkelstein, L. Marilyn
9 (RLIN) 530
700 ## - ADDED ENTRY--PERSONAL NAME
Personal name Kline, E. Nancy
9 (RLIN) 531
906 ## - LOCAL DATA ELEMENT F, LDF (RLIN)
a 7
b cbc
c origcop
d 2
e ncip
f 20
g y-gencatlg
942 ## - ADDED ENTRY ELEMENTS (KOHA)
Source of classification or shelving scheme
Koha item type Books
Edition 7
Holdings
Withdrawn status Lost status Source of classification or shelving scheme Damaged status Not for loan Permanent location Current location Date acquired Inventory number Total Checkouts Full call number Barcode Date last seen Price effective from Koha item type
          Ken Walker International University Ken Walker International University 12/18/2020 2106   616-053.3 W-82 2106 12/18/2020 12/18/2020 Books
          Ken Walker International University Ken Walker International University 12/18/2020 2105   616-053.3 W-82 2105 12/18/2020 12/18/2020 Books

Powered by Koha